000 00409nam a22001697a 4500
003 MPLRDC
005 20220104144434.0
008 210129b ||||| |||| 00| 0 eng d
082 _a856.91 LF c.2
100 _a梁枫
245 _a名人名事
_c
250 _a初版
260 _a
_b环球图书杂志出版社
_c1992
300 _b
650 _a函牍及杂著--杂项
942 _cBK
_o856.91 LF c.2
999 _c49610
_d49600